00996nabaa22002057a 4500999001500000003000400015005001700019008004100036040000700077100002700084245011700111300001300228500003700241505022100278505008900499650003200588650003000620773012700650942001300777 c6145d6145OSt20260123190237.0190701b xxu||||| |||| 00| 0 spa d cPJ 96899aGarin, Andrés 13aIntervención del Estado en el mercado de capitales a la luz del principio de subsidiariedad /cAndrés Garin. ap. 30-56 aCita: TR LALEY AR/DOC/2573/2023  aSumario: I. Introducción.— II. Capítulo I. El mercado de capitales.— III. Capítulo II. La intervención estatal.— IV. Capítulo III. La intervención en el mercado de capitales.— V. Palabras finales. t¿Te interesa el texto completo? Comunicate al correo: koha@justierradelfuego.gov.ar 09211aDERECHO ADMINISTRATIVO 09293aMERCADO DE CAPITALES0 0284293251dBuenos Aires : AbeledoPerrot, 2012-oDA121tDerecho administrativo. Nº 150 noviembre/diciembre 2023z18510590 2udccANA